000 00780nam a2200229 a 4500
999 _c11329
_d11329
001 11329
003 BD-JhCC
005 20190827125054.0
008 190626s 2018bg |||| ||a| 000 0 ben d
020 _a9789849270478
035 _a(BD-JhCC)11329
040 _aBD-JhCC
_dBD-JhCC
041 _aben
082 _bREH 2018
_a327.03
100 _aরেহমান, তারেক শামসুর
245 _aআন্তর্জাতিক রাজনীতিকোষ /
_cতারেক শামসুর রেহমান ।
260 _aঢাকা:
_bশোভা প্রকাশ;
_c২০১৮.
300 _a২২২ পৃ. :
_c২২ সেমি.
650 _aInternational Politics
_xGlossary
942 _2ddc
_cBK